Mechanisitic explanations in the social sciences /
Gorde:
| Egile nagusia: | |
|---|---|
| Formatua: | Texto |
| Etiketak: |
Etiketa erantsi
Etiketarik gabe, Izan zaitez lehena erregistro honi etiketa jartzen!
|
MARC
| LEADER | 00000 a a2200000 04500 | ||
|---|---|---|---|
| 001 | 48910 | ||
| 003 | |||
| 040 | |||
| 100 | |a Ríos, Diego | ||
| 245 | |a Mechanisitic explanations in the social sciences / |c Diego Ríos | ||
| 773 | |g volumen52, número1, (2004), páginas 75-89 | ||
| 999 | |c 23688 |d 23688 | ||
